[Event "World ol U16"]
[Site "Nakhchivan"]
[Date "2022.10.03"]
[Round "2.13"]
[White "Baghirov, Orkhan"]
[Black "Chen, Max"]
[Result "1/2-1/2"]
[WhiteElo "1662"]
[BlackElo "2104"]
[PlyCount "93"]
[EventDate "2022.10.02"]
[EventType "team-swiss"]
[EventRounds "9"]
[EventCountry "AZE"]
[SourceTitle "CBM 210 Extra"]
[Source "ChessBase"]
[SourceDate "2022.11.30"]
[SourceVersion "1"]
[SourceVersionDate "2022.11.30"]
[SourceQuality "1"]
[WhiteTeam "Azerbaijan Sumgayit"]
[BlackTeam "Canada"]
[WhiteTeamCountry "AZE"]
[BlackTeamCountry "CAN"]

1. d4 Nf6 2. c4 g6 3. g3 Bg7 4. Bg2 d5 5. cxd5 Nxd5 6. e4 Nb6 7. Ne2 0-0 8. 0-0 Nc6 9. d5 Na5 10. Nbc3 c6 11. b3 Nd7 12. Bb2 Nf6 13. Qd2 b6 14. Rfd1 Ba6 15. Rac1 Rc8 16. Nd4 cxd5 17. Nxd5 e6 18. Rxc8 Bxc8 19. Nb4 Qd7 20. Qe2 Rd8 21. e5 Nd5 22. Nxd5 exd5 23. Nc2 Bb7 24. f4 Bf8 25. Ne3 Bc5 26. Bd4 Qe7 27. Qc2 Rc8 28. Bxc5 Rxc5 29. Qe2 Rc3 30. Rd4 Qc5 31. Qd2 Rxb3 32. Kf2 Ra3 33. Bxd5 Bxd5 34. Rxd5 Qc6 35. Rd8+ Kg7 36. Rd3 Qa4 37. Rxa3 Qxa3 38. f5 h5 39. fxg6 fxg6 40. e6 Qe7 41. Qd4+ Qf6+ 42. Nf5+ gxf5 43. Qd7+ Kf8 44. Qc8+ Ke7 45. Qd7+ Kf8 46. Qc8+ Kg7 47. Qd7+ 1/2-1/2

[Event "EU-ch Hybrid U14"]
[Site "Tornelo INT"]
[Date "2021.10.15"]
[Round "5"]
[White "Petrosyan, Gaspar"]
[Black "Baghirov, Orkhan"]
[Result "1/2-1/2"]
[WhiteElo "1530"]
[BlackElo "1413"]
[PlyCount "188"]
[EventDate "2021.10.15"]
[EventType "swiss"]
[EventRounds "9"]
[EventCountry "NET"]
[SourceTitle "EXT 2023"]
[Source "ChessBase"]
[SourceDate "2022.10.05"]
[SourceVersion "1"]
[SourceVersionDate "2022.10.05"]
[SourceQuality "1"]
[WhiteTeam "Russia"]
[BlackTeam "Azerbaijan"]
[WhiteTeamCountry "RUS"]
[BlackTeamCountry "AZE"]

1. Nf3 d5 2. g3 e6 3. Bg2 f5 4. d4 Nf6 5. 0-0 Bd6 6. c4 c6 7. cxd5 exd5 8. Nc3 Nbd7 9. Nh4 Nb6 10. Bh3 g6 11. Bh6 Bf8 12. Qc1 Qe7 13. Nf3 Bg7 14. Bxg7 Qxg7 15. Qe3+ Ne4 16. Bg2 Nc4 17. Qc1 0-0 18. b3 Ncd6 19. e3 Nf7 20. Na4 Qf6 21. b4 Bd7 22. Nc5 Nxc5 23. bxc5 Rae8 24. Rb1 Bc8 25. Qa3 a6 26. Rb6 g5 27. Nd2 Qg7 28. Rfb1 Re7 29. R1b4 Kh8 30. Qd3 Rfe8 31. Qb1 Nd8 32. a4 f4 33. Nf1 Bg4 34. Qd3 f3 35. Bh1 Qf6 36. Nd2 Bf5 37. Qf1 g4 38. h4 Qg7 39. Nb3 Bc8 40. Nc1 Nf7 41. Nd3 Re4 42. Rxb7 Bxb7 43. Rxb7 R4e7 44. Rb6 Rc7 45. Nb4 Rec8 46. Qxa6 Nd8 47. a5 Qd7 48. Qd3 Nb7 49. Ra6 Rb8 50. Na2 Nxa5 51. Rxa5 Ra7 52. Rxa7 Qxa7 53. Qf5 Ra8 54. Qxg4 Qxa2 55. Qxf3 Qb1+ 56. Kh2 Qg6 57. Qf4 Kg8 58. Qg5 Qxg5 59. hxg5 Ra2 60. Kg1 Ra1+ 61. Kh2 Ra2 62. Kg2 Kg7 63. Kf3 Kg6 64. Bg2 Kxg5 65. Bh3 Ra7 66. Kg2 h6 67. f4+ Kf6 68. Kf3 Re7 69. Bf1 Ra7 70. Bd3 Ra3 71. Bh7 Ra7 72. Bd3 Ra3 73. Bf1 Ra1 74. Bh3 Ra7 75. Kg4 Re7 76. Kf3 Ra7 77. Bf1 Ra1 78. Be2 Ra3 79. g4 Ra7 80. Bd3 Ra3 81. Bf5 Ra7 82. e4 Ra3+ 83. Ke2 Ra4 84. exd5 cxd5 85. c6 Rc4 86. Bd7 Ke7 87. Kd3 Kd6 88. g5 hxg5 89. fxg5 Rc1 90. Ke3 Rf1 91. Bh3 Rf8 92. Bd7 Rf1 93. Bh3 Rf8 94. Bd7 Rf1 1/2-1/2

[Event "EU-ch Hybrid U14"]
[Site "Tornelo INT"]
[Date "2021.10.15"]
[Round "1"]
[White "Valiyev, Shahin"]
[Black "Baghirov, Orkhan"]
[Result "0-1"]
[WhiteElo "1944"]
[BlackElo "1413"]
[PlyCount "118"]
[EventDate "2021.10.15"]
[EventType "swiss"]
[EventRounds "9"]
[EventCountry "NET"]
[SourceTitle "EXT 2023"]
[Source "ChessBase"]
[SourceDate "2022.10.05"]
[SourceVersion "1"]
[SourceVersionDate "2022.10.05"]
[SourceQuality "1"]
[WhiteTeam "Azerbaijan"]
[BlackTeam "Azerbaijan"]
[WhiteTeamCountry "AZE"]
[BlackTeamCountry "AZE"]

1. e4 e6 2. d4 d5 3. Nd2 Nf6 4. e5 Nfd7 5. Bd3 c5 6. c3 Nc6 7. Ne2 cxd4 8. cxd4 f6 9. exf6 Nxf6 10. 0-0 Bd6 11. Nf3 0-0 12. Bg5 e5 13. dxe5 Nxe5 14. Nxe5 Bxe5 15. Ng3 Qb6 16. Bxf6 Qxf6 17. Qb3 Be6 18. Rae1 Bf7 19. Re2 b6 20. Rfe1 Bd4 21. Nf5 Bc5 22. Bb1 Kh8 23. Qd3 Bg6 24. Re5 Bxf5 25. Rxf5 Qxf5 26. Qxf5 Rxf5 27. Bxf5 Rf8 28. Re5 g6 29. Bd3 Rxf2 30. Kh1 Rd2 31. Be2 Rxb2 32. g4 Kg7 33. g5 d4 34. Bc4 Rxh2+ 35. Kg1 Rc2 36. Bb3 d3+ 37. Kf1 Rc1+ 38. Kg2 Rg1+ 39. Kh3 d2 40. Rd5 Be3 41. Rd7+ Kf8 42. Kh2 Re1 43. Kg3 Bxg5 44. Kf2 h5 45. Kf3 Be3 46. Rd3 g5 47. Rd5 Bf4 48. Rd7 Re3+ 49. Kf2 Re7 50. Rd8+ Kg7 51. Bd1 h4 52. Kg2 Re3 53. Kf2 Re1 54. Rd7+ Kf6 55. Bf3 h3 56. a4 h2 57. a5 bxa5 58. Rd5 h1Q 59. Bxh1 d1Q 0-1

[Event "Nakhchivan Premium"]
[Site "Nakhchivan"]
[Date "2021.03.28"]
[Round "7"]
[White "Hasanzade, Toghrul Qasim Oglu"]
[Black "Baghirov, Orkhan"]
[Result "1-0"]
[WhiteElo "2322"]
[BlackElo "1473"]
[PlyCount "105"]
[EventDate "2021.03.22"]
[EventType "tourn"]
[EventRounds "11"]
[EventCountry "AZE"]
[SourceTitle "CBM 202 Extra"]
[Source "ChessBase"]
[SourceDate "2021.07.31"]
[SourceVersion "1"]
[SourceVersionDate "2021.07.31"]
[SourceQuality "1"]

1. e4 e6 2. d4 d5 3. Nd2 dxe4 4. Nxe4 Nd7 5. Nf3 Ngf6 6. Nxf6+ Nxf6 7. g3 b6 8. Bg2 Bb7 9. 0-0 Bd6 10. c4 0-0 11. b3 Qe7 12. Qe2 Rfe8 13. Bb2 Ba3 14. Ne5 Bxg2 15. Kxg2 Bxb2 16. Qxb2 Nd7 17. Nf3 Rad8 18. Rad1 c5 19. Qa3 a5 20. Rfe1 Kf8 21. d5 Qf6 22. dxe6 Rxe6 23. Rxe6 Qxe6 24. Qc1 Re8 25. Qf4 Ne5 26. Nxe5 Qxe5 27. Qxe5 Rxe5 28. Rd6 Re6 29. Rxe6 fxe6 30. Kf3 Ke7 31. Ke4 Kf6 32. f4 h6 33. h3 Kf7 34. Ke5 Ke7 35. g4 g5 36. f5 exf5 37. Kxf5 Kf7 38. a4 Kg7 39. Ke6 Kg6 40. Ke7 h5 41. Ke6 hxg4 42. hxg4 Kg7 43. Kf5 Kh6 44. Kf6 Kh7 45. Kxg5 Kg7 46. Kf5 Kf7 47. g5 Kg7 48. g6 Kg8 49. Kf6 Kf8 50. g7+ Kg8 51. Kg6 b5 52. cxb5 c4 53. b6 1-0